000
00336nam a22001457a 4500
008
221102b ||||| |||| 00| 0 eng d
020
_a
047081229
041
_a
eng
080
_a
159.9
082
_a
159.9 SOL
100
_a
24.1
101
_a
PSI
245
_a
CONTEMPORARY ISSUES IN COGNITIVE PSYCHOLOGY
_c
SOLSO R
942
_2
udc
_c
BK
999
_c
58714
_d
58714